Hodnotenie kvality kombinovaného vysokoškolského vzdelávania - kritérium vzdelávacie materiály

Kritériá pre hodnotenie kvality vzdelávania. Metodika hodnotenia v oblasti kvality vzdelávacích materiálov. Návrh opatrení pre tvorbu stratégie v oblasti vzdelávacích materiálov, autorských práv a citácií.

Saved in:
Bibliographic Details
Main Author: Džubáková, Martina
Format: Book Chapter
Language:Slovak
Subjects:
Tags: Add Tag
No Tags, Be the first to tag this record!

MARC

LEADER 00000nla a2200000 4500
001 0195956
005 20240502073311.8
041 0 |a slo 
044 |a SK 
245 1 0 |a Hodnotenie kvality kombinovaného vysokoškolského vzdelávania - kritérium vzdelávacie materiály  |c Martina Džubáková 
520 |a Kritériá pre hodnotenie kvality vzdelávania. Metodika hodnotenia v oblasti kvality vzdelávacích materiálov. Návrh opatrení pre tvorbu stratégie v oblasti vzdelávacích materiálov, autorských práv a citácií. 
610 2 0 |a vzdelávanie vysokoškolské 
610 2 0 |a kvalita vzdelávania 
610 2 0 |a školstvo 
100 1 |a Džubáková, Martina